|
|
|
|
| LEADER |
00000cam a2200000 a 4500 |
| 001 |
vtls010307276 |
| 003 |
SK-MaSNL |
| 005 |
20260311122016.0 |
| 008 |
251117s2011 xr hoc f 001 0dcze |
| 015 |
|
|
|a SNBZSA2013-001392
|
| 020 |
|
|
|a 9788020612267
|q (viaz.)
|
| 035 |
|
|
|a (CZ PrSKC)0805616
|
| 035 |
|
|
|a urn:nbn:sk:snk-amlexd
|
| 035 |
|
|
|a urn:nbn:sk:snk-am008yyf
|
| 035 |
|
|
|a 7593DF43-030D-4E7C-9EC6-FBD381D5FAD4
|
| 040 |
|
|
|a SNK
|b slo
|c SNK
|e AACR2
|
| 041 |
0 |
|
|a cze
|
| 043 |
|
|
|a e-cs---
|
| 044 |
|
|
|a xr
|c CZ
|
| 072 |
|
7 |
|a 94(437)
|x Dejiny Česka a Slovenska
|2 konspekt
|
| 080 |
|
|
|a 94(437)"1968"
|2 2011
|
| 080 |
|
|
|a 328/329
|2 2011
|
| 080 |
|
|
|a 94(437)
|2 2011
|
| 080 |
|
|
|a 930.1:303.833.5
|2 2011
|
| 080 |
|
|
|a 32:911.3
|2 2011
|
| 080 |
|
|
|a (048.8)
|2 2011
|
| 100 |
1 |
|
|a Čermák, Vladimír,
|d 1946-
|4 aut
|9 223781
|
| 245 |
1 |
0 |
|a Operace Srpen 1968
|b o "psyopu", československé společnosti, problémech sovětského vládnutí a o mnoha dalších faktorech událostí roku 1968
|c Vladimír Čermák
|
| 260 |
|
|
|a Praha
|b Naše vojsko
|c 2011
|
| 300 |
|
|
|a 249 s.
|b faks., fotogr., portréty
|c 24 cm
|
| 504 |
|
|
|a Bibliogr.: s. 133-137 ; pozn. ; reg. ; zoz. skrat.
|
| 648 |
|
7 |
|a 1968
|2 SNKPH
|9 297881
|
| 650 |
0 |
7 |
|a Pražská jar (1968 : Československo)
|2 SNKPH
|9 68802
|
| 650 |
0 |
7 |
|a Prague Spring, 1968
|2 SNKPHeng
|9 309826
|
| 650 |
0 |
7 |
|a August (1968 : Československo)
|2 SNKPH
|9 68467
|
| 650 |
0 |
7 |
|a Czechoslovakia, Intervention, 1968
|2 SNKPHeng
|9 276991
|
| 650 |
0 |
7 |
|a interpretácia dejín
|2 SNKPH
|9 182578
|
| 650 |
0 |
7 |
|a interpretation of history
|2 SNKPHeng
|9 309872
|
| 650 |
0 |
7 |
|a geopolitika
|2 SNKPH
|9 4679
|
| 650 |
0 |
7 |
|a Geopolitics
|2 SNKPHeng
|9 315868
|
| 650 |
0 |
7 |
|a politika a vláda
|2 SNKPH
|9 3868
|
| 650 |
0 |
7 |
|a Politics and government
|2 SNKPHeng
|9 280895
|
| 651 |
|
7 |
|a Československo
|2 SNKPH
|9 21376
|
| 651 |
|
7 |
|a Československo
|x dejiny
|2 SNKPH
|9 161432
|
| 651 |
|
7 |
|a Czechoslovakia
|x History
|2 SNKPHeng
|9 125910
|
| 651 |
|
7 |
|a Czechoslovakia
|2 SNKPHeng
|9 265183
|
| 655 |
|
7 |
|a monografie
|2 SNKPH
|9 70139
|
| 655 |
|
7 |
|a Monographs
|2 SNKPHeng
|9 120675
|
| 852 |
|
|
|a Štátna vedecká knižnica v Banskej Bystrici
|
| 919 |
|
|
|a 978-80-206-1226-7
|
| 958 |
|
|
|a ZS
|
| 958 |
|
|
|a BX
|
| 958 |
|
|
|a NB
|
| 958 |
|
|
|a SK
|
| 958 |
|
|
|a CZ
|
| 999 |
|
|
|c 577671
|d 579601
|
| 952 |
|
|
|a SNK
|b SNK
|y PREZ
|7 0
|p 17A1082829
|o snkSC 144448/[2]
|i snk2013/20966
|8 4
|g 11.09
|0 0
|1 0
|4 0
|d 2013-07-29
|f 1
|l 0
|r 2025-07-14 00:00:00
|w 2026-02-23
|